00373 a2200157 4500001000700000020001800007040002200025041001600047082002100063100002600084245002700110250001000137260003100147362001300178490002400191136645 a9788537101711 cLeonardo Da Vinci aPortuguês a657 G613cbG613c aGOMES, Carlos Roberto aContabilidade básica a3. ed bVienac2008aRio Pardo, SP a20080000 aColeção Premium